LIBRARY & INFORMATION CENTRE, KCAET, TAVANUR

ONLINE PUBLIC ACCESS CATALOGUE (OPAC)

Fundamental mathematics / (Record no. 9492)

MARC details
000 -LEADER
fixed length control field 00477cam a2200193ua 4500
041 ## - LANGUAGE CODE
Language code of text/sound track or separate title eng
082 ## - DEWEY DECIMAL CLASSIFICATION NUMBER
Classification number 510
Item number WAD/FU
100 ## - MAIN ENTRY--AUTHOR NAME
Personal name Wade, Thomas L .
245 ## - TITLE STATEMENT
Title Fundamental mathematics /
250 ## - EDITION STATEMENT
Edition statement 2 /
260 ## - PUBLICATION, DISTRIBUTION, ETC. (IMPRINT)
Place of publication New York :
Name of publisher McGraw Hill Book Company ,
Year of publication 1961.
300 ## - PHYSICAL DESCRIPTION
Number of Pages 428 ; .
700 1# - ADDED ENTRY--PERSONAL NAME
Personal name Taylor, Howard E .
942 ## - ADDED ENTRY ELEMENTS (KOHA)
Koha item type Books
Holdings
Withdrawn status Lost status Damaged status Home library Current library Date acquired Full call number Accession Number Koha item type
      KAUAET KAUAET 07/04/2012 510 4854 Books
free website counter